00606 2200193 4500245007100000020002200071250001100093100002000104700001600124700001000140650001600150005001900166260004100185041001400226084000800240300002300248500013200271336000900403 aHigh School Musical #8 Suarakan Pilihanmu !cBeechwood, BethhText a978-979-27-5613-5 aCet. 1 aBeechwood, Beth aGrace, N. B aWiwie aNovel Fiksi a20240520110221 aJakartabElex Media Komputindoc2008 aIndonesia a813 a120 hlm. :c20 cm. aDewan pengurus sekolah East High hanya punya cukup dana untuk renovasi salah satu ruang olahraga atau auditorium bukan keduanya atext